Design of concrete structures (Record no. 3628)

000 -LEADER
fixed length control field 00663nam a2200229 a 4500
001 - CONTROL NUMBER
control field 3628
003 - CONTROL NUMBER IDENTIFIER
control field BD-DhUET
008 - FIXED-LENGTH DATA ELEMENTS--GENERAL INFORMATION
fixed length control field 850621s1985 enka b 101 0 eng
020 ## - INTERNATIONAL STANDARD BOOK NUMBER
International Standard Book Number 007Y665486
040 ## - CATALOGING SOURCE
Original cataloging agency DLC
Transcribing agency DLC
Modifying agency BD-DhUET
082 00 - DEWEY DECIMAL CLASSIFICATION NUMBER
Classification number 624.183
Item number NIL/1986
100 ## - MAIN ENTRY--PERSONAL NAME
Personal name Nilson, Arthur H.
245 00 - TITLE STATEMENT
Title Design of concrete structures
Statement of responsibility, etc. by Arthur H. Nilson and George Winter
250 ## - EDITION STATEMENT
Edition statement 10th ed.
260 ## - PUBLICATION, DISTRIBUTION, ETC. (IMPRINT)
Place of publication, distribution, etc. New York:
Name of publisher, distributor, etc. McGraw Hill Book Company,
Date of publication, distribution, etc. 1986.
300 ## - PHYSICAL DESCRIPTION
Extent xi, 380 p. :
Other physical details ill. ;
Dimensions 23 cm.
490 ## - SERIES STATEMENT
Series statement Civil engineering series
504 ## - BIBLIOGRAPHY, ETC. NOTE
Bibliography, etc Includes bibliographies
650 #0 - SUBJECT ADDED ENTRY--TOPICAL TERM
Topical term or geographic name as entry element Reinforced concrete
700 ## - ADDED ENTRY--PERSONAL NAME
Personal name Winter, George
942 ## - ADDED ENTRY ELEMENTS (KOHA)
Koha item type General Book
Holdings
Koha issues (times borrowed) Koha date last borrowed Price effective from Not for loan Sublocation or collection (holding branch) Damaged status Copy number Lost status Piece designation (barcode) Location (home branch) Date acquired Koha out on loan Koha item type Shelving location Koha renewals Koha full call number Koha date last seen Koha normalized classification for sorting Source of classification or shelving scheme Withdrawn status
62026-02-232014-11-02 Central Library, BUET 1 77873Central Library, BUET2014-11-022027-02-23General BookCirculation section1624.183/NIL/19862026-02-23624_000000000000000_183NIL1986  
  2024-12-04 Central Library, BUET ১০/ক-১ 77816Central Library, BUET1990-10-23 Rental ItemRental section 624.183 NIL/19862024-12-04624_183000000000000_NIL_1986  
  2024-12-04 Central Library, BUET ১০/ক-২ 77817Central Library, BUET1990-10-23 Rental ItemRental section 624.183 NIL/19862024-12-04624_183000000000000_NIL_1986  
  2024-12-04 Central Library, BUET ১০/ক-৩ 77818Central Library, BUET1990-10-23 Rental ItemRental section 624.183 NIL/19862024-12-04624_183000000000000_NIL_1986  
  2024-12-04 Central Library, BUET ১০/ক-৪ 77819Central Library, BUET1990-10-23 Rental ItemRental section 624.183 NIL/19862024-12-04624_183000000000000_NIL_1986  
  2024-12-04 Central Library, BUET ১০/ক-৫ 77820Central Library, BUET1990-10-23 Rental ItemRental section 624.183 NIL/19862024-12-04624_183000000000000_NIL_1986  
  2024-12-04 Central Library, BUET ১০/ক-৬ 77821Central Library, BUET1990-10-23 Rental ItemRental section 624.183 NIL/19862024-12-04624_183000000000000_NIL_1986  
  2024-12-04 Central Library, BUET ১০/ক-৭ 77822Central Library, BUET1990-10-23 Rental ItemRental section 624.183 NIL/19862024-12-04624_183000000000000_NIL_1986  
  2024-12-04 Central Library, BUET ১০/ক-৮ 77823Central Library, BUET1990-10-23 Rental ItemRental section 624.183 NIL/19862024-12-04624_183000000000000_NIL_1986  
  2024-12-04 Central Library, BUET ১০/ক-৯ 77824Central Library, BUET1990-10-23 Rental ItemRental section 624.183 NIL/19862024-12-04624_183000000000000_NIL_1986  
  2024-12-04 Central Library, BUET ১০/ক-১০ 77825Central Library, BUET1990-10-23 Rental ItemRental section 624.183 NIL/19862024-12-04624_183000000000000_NIL_1986  
  2024-12-04 Central Library, BUET ১০/ক-১১ 77826Central Library, BUET1990-10-23 Rental ItemRental section 624.183 NIL/19862024-12-04624_183000000000000_NIL_1986  
  2024-12-04 Central Library, BUET ১০/ক-১২ 77827Central Library, BUET1990-10-23 Rental ItemRental section 624.183 NIL/19862024-12-04624_183000000000000_NIL_1986  
  2024-12-04 Central Library, BUET ১০/ক-১৩ 77828Central Library, BUET1990-10-23 Rental ItemRental section 624.183 NIL/19862024-12-04624_183000000000000_NIL_1986  
  2024-12-04 Central Library, BUET ১০/ক-১৪ 77829Central Library, BUET1990-10-23 Rental ItemRental section 624.183 NIL/19862024-12-04624_183000000000000_NIL_1986  
  2024-12-04 Central Library, BUET ১০/ক-১৫ 77830Central Library, BUET1990-10-23 Rental ItemRental section 624.183 NIL/19862024-12-04624_183000000000000_NIL_1986  
  2024-12-04 Central Library, BUET ১০/ক-১৬ 77831Central Library, BUET1990-10-23 Rental ItemRental section 624.183 NIL/19862024-12-04624_183000000000000_NIL_1986  
  2024-12-04 Central Library, BUET ১০/ক-১৭ 77832Central Library, BUET1990-10-23 Rental ItemRental section 624.183 NIL/19862024-12-04624_183000000000000_NIL_1986  
  2024-12-04 Central Library, BUET ১০/ক-১৮ 77833Central Library, BUET1990-10-23 Rental ItemRental section 624.183 NIL/19862024-12-04624_183000000000000_NIL_1986  
  2024-12-04 Central Library, BUET ১০/ক-১৯ 77834Central Library, BUET1990-10-23 Rental ItemRental section 624.183 NIL/19862024-12-04624_183000000000000_NIL_1986  
  2024-12-04 Central Library, BUET ১০/ক-২০ 77835Central Library, BUET1990-10-23 Rental ItemRental section 624.183 NIL/19862024-12-04624_183000000000000_NIL_1986